CBS QUICK MEDICAL EXAM, PSYCHIATRY (Record no. 14659)
[ view plain ]
| 000 -LEADER | |
|---|---|
| fixed length control field | 00269nam a22001217a 4500 |
| 003 - CONTROL NUMBER IDENTIFIER | |
| control field | SGT |
| 082 ## - DEWEY DECIMAL CLASSIFICATION NUMBER | |
| Classification number | 616.89 |
| Item number | C12B |
| 100 ## - MAIN ENTRY--PERSONAL NAME | |
| Personal name | BHAITA, M.S. |
| 245 ## - TITLE STATEMENT | |
| Title | CBS QUICK MEDICAL EXAM, PSYCHIATRY |
| 260 ## - PUBLICATION, DISTRIBUTION, ETC. (IMPRINT) | |
| Place of publication, distribution, etc | INDIA |
| Name of publisher, distributor, etc | CBS |
| Year of Publication | 2012 |
| 650 ## - SUBJECT ADDED ENTRY--TOPICAL TERM | |
| Topical term or geographic name as entry element | PSYCHIATRY |
| 942 ## - ADDED ENTRY ELEMENTS (KOHA) | |
| Source of classification or shelving scheme | Dewey Decimal Classification |
| Koha item type | Books |
| Withdrawn status | Lost status | Source of classification or shelving scheme | Damaged status | Not for loan | Collection code | Home library | Current library | Shelving location | Date acquired | Vendor Name | Cost, normal purchase price | SGTU | Total Checkouts | Full call number | Accession No. (Barcode) | Date last seen | Bill Date | Koha item type |
|---|---|---|---|---|---|---|---|---|---|---|---|---|---|---|---|---|---|---|
| Dewey Decimal Classification | MEDICAL | SGT Medical Library | SGT Medical Library | Text Book | 23/01/2018 | ABC | 195.00 | SGTU | 616.89 C12B | FM9532 | 23/01/2018 | 02/09/2017 | Books | |||||
| Dewey Decimal Classification | MEDICAL | SGT Medical Library | SGT Medical Library | Text Book | 23/01/2018 | ABC | 195.00 | SGTU | 616.89 C12B | FM9533 | 23/01/2018 | 02/09/2017 | Books | |||||
| Dewey Decimal Classification | MEDICAL | SGT Medical Library | SGT Medical Library | Text Book | 23/01/2018 | ABC | 195.00 | SGTU | 616.89 C12B | FM9534 | 23/01/2018 | 02/09/2017 | Books |